Biggest European Cities that start with K on a Map - Statistics

General Stats
  • This quiz has been taken 732 times
  • The average score is 12 of 24
Answers on the Map
Answers color-coded by a green-red scale on the quiz's map according to % correct below.
 
Answer Stats
Population City % Correct
2,967,360 Kiev
98%
779,966 Kraków
95%
493,256 Kaliningrad
91%
1,443,207 Kharkiv
84%
246,794 Kiel
78%
290,553 Katowice
77%
1,257,341 Kazan
71%
293,257 Kaunas
70%
948,827 Krasnodar
68%
312,060 Karlsruhe
59%
238,138 Košice
59%
202,137 Kassel
46%
286,958 Kherson
40%
450,977 Kursk
40%
619,278 Kryvyi Rih
35%
227,417 Krefeld
33%
521,091 Kirov
30%
331,842 Kaluga
24%
277,393 Kostroma
20%
257,757 Khimki
15%
273,713 Khmelnytskyi
15%
219,022 Kremenchuk
15%
225,339 Kirovohrad
14%
225,299 Korolyov
11%
No matching quizzes found
Score Distribution
Percent of People with Each Score
Percentile by Number Answered
Your Score History
You have not taken this quiz